| 000 | 00768nam a2200253 4500 | ||
|---|---|---|---|
| 003 | OSt | ||
| 005 | 20260601170954.0 | ||
| 008 | 260417b2013\\\\gw\a||||\||||\00|\0\eng\d | ||
| 020 | _a9783899554823 | ||
| 040 |
_aICI _bspa _cICI |
||
| 050 |
_aNC1002.L63 _bT43 |
||
| 100 | 1 |
_aAlexander Tibelius _930273 |
|
| 245 | 1 |
_aThe logo design toolbox : _btime-saving templates for graphic design / _c Alexander Tibelius |
|
| 264 |
_bGestalten, _c2013 _a Berlin : |
||
| 300 |
_a219 páginas _bilustraciones |
||
| 336 |
_atexto _2rdacontent |
||
| 337 |
_asin medio _2rdamedia |
||
| 338 |
_avolumen _2rdacarrier |
||
| 500 | _aIntroducción de M Alvarez F | ||
| 650 |
_2Logotipos _xDiseño _92672 |
||
| 650 |
_a Artes gráficas _919721 |
||
| 650 | _2Logografía | ||
| 942 |
_2lcc _cB |
||
| 999 |
_c19763 _d19763 |
||